000 00493nam a22001337a 4500
005 20241212105929.0
008 240924b ||||| |||| 00| 0 eng d
100 _aApaga, Florentina B.
_eauthor.
_961563
245 _a5 Reasons why breakfast is important /
_cFlorentina B. Apaga.
260 _aPhilippines;
_bPublishers Association of the Philippines, Inc.,
_cJuly 2018.
300 _aVolume 66, pages 63,
_billustration.
700 _aApaga, Florentina B.
_eauthor.
_961563
942 _2ddc
_cPER
999 _c21828
_d21828